2017 NHL Free Agency - Statistics

General Stats
  • This quiz has been taken 18 times
  • The average score is 19 of 75
Answer Stats
Player Position Moving From Moving To % Correct
Steve Mason G Philadelphia Flyers Winnipeg Jets
76%
Ryan Miller G Vancouver Canucks Anaheim Ducks
71%
Alex Radulov F Montreal Canadiens Dallas Stars
65%
Antti Niemi G Dallas Stars Pittsburgh Penguins
65%
Brian Elliott G Calgary Flames Philadelphia Flyers
65%
Jonathan Bernier G Anaheim Ducks Colorado Avalanche
65%
Ondrej Pavelec G Winnipeg Jets New York Rangers
65%
Patrick Sharp F Dallas Stars Chicago Blackhawks
65%
JF Berube G New York Islanders Chicago Blackhawks
53%
Karl Alzner D Washington Capitals Montreal Canadiens
53%
Kevin Shattenkirk D Washington Capitals NY Rangers
53%
Patrick Marleau F SJ Sharks Toronto Maple Leafs
53%
Chad Johnson G Calgary Flames Buffalo Sabres
47%
Chris Kunitz F Pittsburgh Penguins Tampa Bay Lightning
47%
Nick Bonino F Pittsburgh Penguins Nashville Predators
47%
Ron Hainsey D Pittsburgh Penguins Toronto Maple Leafs
47%
Trevor Daley D Pittsburgh Penguins Detroit Red Wings
41%
Brian Boyle F Toronto Maple Leafs NJ Devils
35%
Dan Girardi D New York Rangers Tampa Bay Lightning
35%
Darcy Kuemper G Minnesota Wild LA Kings
35%
Dominic Moore F Boston Bruins Toronto Maple Leafs
35%
Matt Hunwick D Toronto Maple Leafs Pittsburgh Penguins
35%
Michael Del Zotto D Philadelphia Flyers Vancouver Canucks
35%
Ales Hemsky F Dallas Stars Montreal Canadiens
29%
Dmitry Kulikov D Buffalo Sabres Winnipeg Jets
29%
Justin Williams F Washington Capitals Carolina Hurricanes
29%
Nail Yakupov F St Louis Blues Colorado Avalanche
29%
Scott Hartnell F Columbus Blue Jackets Nashville Predators
29%
Anders Nilsson G Buffalo Sabres Vancouver Canucks
24%
David Desharnais F Edmonton Oilers NY Rangers
24%
Martin Hanzal F Minnesota Wild Dallas Stars
24%
Mike Cammalleri F NJ Devils LA Kings
24%
Radim Vrbata F Arizona Coyotes Florida Panthers
24%
Ryan Murphy D Carolina Hurricanes Minnesota Wild
24%
Sam Gagner F Columbus Blue Jackets Vancouver Canucks
24%
Beau Bennett F NJ Devils St Louis Blues
18%
Benoit Pouliot F Edmonton Oilers Buffalo Sabres
18%
Cameron Gaunce D Pittsburgh Penguins Columbus Blue Jackets
18%
Christian Folin D Minnesota Wild LA Kings
18%
Landon Ferraro F Boston Bruins Minnesota Wild
18%
Nate Thompson F Anaheim Ducks Ottawa Senators
18%
Peter Holland F Arizona Coyotes Montreal Canadiens
18%
Tommy Wingels F Ottawa Senators Chicago Blackhawks
18%
Alex Burmistrov F Arizona Coyotes Vancouver Canucks
12%
Brian Flynn F Montreal Canadiens Dallas Stars
12%
Byron Froese F TB Lightning Montreal Canadiens
12%
Chris Thorburn F Winnipeg Jets St Louis Blues
12%
Devante Smith-Pelly F NJ Devils Washington Capitals
12%
Jacob Josefson F NJ Devils Buffalo Sabres
12%
Joe Morrow D Boston Bruins Montreal Canadiens
12%
Jordan Oesterle D Edmonton Oilers Chicago Blackhawks
12%
Josh Jooris F Arizona Coyotes Carolina Hurricanes
12%
Kenny Agostino F St Louis Blues Boston Bruins
12%
Kyle Quincey D Columbus Blue Jackets Minnesota Wild
12%
Kyle Rau F Florida Panthers Minnesota Wild
12%
Lance Bouma F Calgary Flames Chicago Blackhawks
12%
Luke Witkowski D Tampa Bay Lightning Detroit Red Wings
12%
Matt O'Connor G Ottawa Senators Nashville Predators
12%
Matt Tennyson D Carolina Hurricanes Buffalo Sabres
12%
Michael Leighton G Carolina Hurricanes TB Lightning
12%
Michael Sgarbossa F Florida Panthers Winnipeg Jets
12%
Nick Cousins F Philadelphia Flyers Arizona Coyotes
12%
Patrick Wiercioch D Colorado Avalanche Vancouver Canucks
12%
Paul Postma D Winnipeg Jets Boston Bruins
12%
Seth Griffith F Toronto Maple Leafs Buffalo Sabres
12%
Tyler Pitlick F Edmonton Oilers Dallas Stars
12%
Adam Clendening D New York Rangers Arizona Coyotes
6%
Cal O'Reilly F Buffalo Sabres Minnesota Wild
6%
Greg McKegg F Tampa Bay Lightning Pittsburgh Penguins
6%
Jamie Mcbain D Arizona Coyotes TB Lightning
6%
Michael Haley F SJ Sharks Florida Panthers
6%
Oscar Lindberg F NY Rangers LV Golden Knights
6%
Anthony Peluso F Winnipeg Jets Washington Capitals
0%
Derek Grant F Nashville Predators Anaheim Ducks
0%
Ty Rattie F Carolina Hurricanes Edmonton Oilers
0%
No matching quizzes found
Score Distribution
Percent of People with Each Score
Percentile by Number Answered
Your Score History
You have not taken this quiz